Capitals with letter A as Second Letter - Statistics

General Stats
  • This quiz has been taken 527 times
    469 since last reset
  • The average score is 44 of 63
Answer Stats
c-A-pital % Correct
Washington
90%
Madrid
87%
Paris
87%
Santiago
86%
Baghdad
84%
Caracas
84%
Cairo
83%
Rabat
83%
Havana
81%
Panama City
81%
Canberra
80%
Jakarta
79%
Warsaw
79%
Zagreb
79%
San José
78%
Bangkok
76%
Managua
76%
Sana'a
76%
Dakar
75%
Hanoi
75%
San Marino
75%
Bamako
73%
Kampala
73%
Nairobi
73%
San Salvador
73%
Manama
72%
Santo Domingo
72%
Tallinn
72%
Baku
71%
Harare
71%
Manila
71%
Cape Town
70%
Paramaribo
70%
Maputo
69%
La Paz
68%
Vaduz
68%
Vatican City
68%
Banjul
67%
Damascus
67%
Valletta
67%
Bangui
66%
Bandar Seri Begawan
65%
Kabul
65%
Nassau
65%
Tashkent
65%
Castries
64%
Kathmandu
63%
Sarajevo
63%
Basseterre
62%
Malabo
62%
Male
61%
Majuro
60%
São Tomé
59%
Yaoundé
59%
Yaren
59%
Gaborone
58%
Saint John's
58%
Taipei
58%
Saint George's
57%
Maseru
56%
Yamoussoukro
56%
Naypyidaw
51%
Palikir
47%
No matching quizzes found
Score Distribution
Percent of People with Each Score
Percentile by Number Answered
Your Score History
You have not taken this quiz since the last reset